000
00264nam a22001217a 4500
008
171019b xxu||||| |||| 00| 0 eng d
041
_a
eng
080
_a
338
100
_a
53
101
_a
MNG
245
_a
TOUGH-MINDED MANAGEMENT
_c
BATTEN, J.D
942
_2
udc
_c
BK
999
_c
34862
_d
34862